Educación para la salud /
Guardado en:
| Autor Principal: | |
|---|---|
| Otros Autores: | |
| Formato: | Libro |
| Publicado: |
Buenos Aires :
Estrada,
1993
|
| Materias: | |
| Etiquetas: |
Agregar Etiqueta
Sin Etiquetas, Sea el primero en etiquetar este registro!
|
| LEADER | 00789nam a22002415a 4500 | ||
|---|---|---|---|
| 001 | CEM.cems010583 | ||
| 008 | 130507s1993##################000#0#####d | ||
| 005 | 20240410094849.0 | ||
| 245 | 1 | 0 | |a Educación para la salud / |c Maitena G. de Copello y Victoria Perés |
| 260 | |a Buenos Aires : |b Estrada, |c 1993 | ||
| 300 | |a 208 p. | ||
| 505 | 0 | |a La salud del hombre -- Protección y promoción de la salud -- Problemas sanitarios argentinos | |
| 020 | |a 950010332X | ||
| 100 | 1 | |a Copello, Maitena G. de | |
| 700 | 1 | |a Perés, Victoria | |
| 082 | 0 | 4 | |a 614 |
| 653 | |a Salud-educación de la | ||
| 653 | |a Tabaquismo | ||
| 653 | |a Drogas | ||
| 653 | |a Alcoholismo | ||
| 653 | |a Enfermedad-prevención | ||
| 653 | |a Educación para la salud | ||
| 859 | |a CEMS |b BIB. CEMS - Agricultura |h 614 |i C79 |p A21145.01 |t Ej.1 | ||
